000 01231nam a2200325 i 4500
003 EG-GICUC
005 20260308224000.0
008 260308s19761396ua ||||fr|||| 00| 0 ara d
040 _a EG-GICUC
_bara
_c EG-GICUC
_d EG-GICUC
_erda
041 _aara
082 0 4 _221
_a343.91
_bن ص . ا
092 0 4 _221
099 _aLaw1 10 343.91 ن ص . ا 1 ed - 1976
100 0 _aنصر فريد محمد واصل
_eمؤلف.
245 1 0 _aأحكام السرقة في الفقه الإسلامي على مذهب الإمام الشافعي /
_cدكتور نصر فريد محمد واصل.
250 _aالطبعة الاولى
264 1 _aالقاهرة :
_bدار الكتاب الجامعي،
_c1976.
300 _a77 صفحة ;
_c24 سم.
336 _2rda content
_atext
337 _2rda media
_aComputer
338 _2rda carrier
_aOnline Resource
504 _aيشتمل على إرجاعات ببليوجرافية.
546 _aالنص باللغة العربية
650 1 _aالقانون الجنائي
650 1 _aالنظام الجنائي الإسلامي
650 1 _aالسرقة
856 4 0 _uhttps://fll.law.cu.edu.eg/fulltext/bks/B10-08315.pdf
905 _a43
942 _2ddc
_n0
_cBK
_e21
999 _c65853
_d65853